| 000 | 00441nam a22001697a 4500 | ||
|---|---|---|---|
| 003 | NUST | ||
| 005 | 20240604155823.0 | ||
| 008 | 180528b ||||| |||| 00| 0 eng d | ||
| 020 | _aISBN 3540540709 | ||
| 038 | _aSNS Library | ||
| 082 | _a530.413 | ||
| 100 |
_aArmin Bunde _910552 |
||
| 245 |
_aFractals and disordered Systems _cArmin Bunde |
||
| 260 |
_aNew York _bSpringer-verlag _c1991 |
||
| 300 |
_a350 p. _bPb. |
||
| 942 |
_2ddc _cBK |
||
| 999 |
_c478404 _d478404 |
||